La enseñanza superior estatal

Guardado en:
Detalles Bibliográficos
Autor principal: Wahlquist, John T (Autor)
Formato: Libro
Lenguaje:español
Publicado: Buenos Aires Troquel 1968
Colección:Biblioteca de la Nueva Educación
Materias:
Etiquetas: Agregar Etiqueta
Sin Etiquetas, Sea el primero en etiquetar este registro!

MARC

LEADER 00000nam a2200000 a 4500
001 UCW7046
003 CL-VaPUC
008 920819e19680000AG |||||||||||||||||spa|d
082 0 4 |a 378  |b WAH  |2 21 
100 0 |a Wahlquist, John T  |e author  |9 312145 
245 1 3 |a La enseñanza superior estatal 
300 |a 158 p 
942 |c BK 
945 |d 19920819 00:00:00 
260 |a Buenos Aires  |b Troquel  |c 1968 
650 0 |a Educación superior   |9 223851 
583 |a last modification  |c 19920819 00:00:00  |k Rodrigo Vera 
490 0 |a Biblioteca de la Nueva Educación 
999 |c 219930  |d 219928 
952 |0 0  |1 0  |4 0  |6 378_000000000000000_WAH_1968  |7 0  |8 P  |9 211484  |a BIBEDU  |b BIBEDU  |c BIBEDU_PB  |d 2019-11-15  |i 2796821  |o 378 WAH 1968  |p 2796821  |r 2024-01-25  |w 2019-11-15  |y BK  |k EDU